1564 1019 1718 1053 1808 1215 1472 1272 1115 1479 1665 1903 1552 1718 1186 1904 1388 1973 1343 1334 1764 1452 1161 1141 1075 1252 1310 1423 1912 1314 1333 1848 1141 1829 1847 1635 1713 1846 1810 1150 1607 1625 1558 1781 1189 1567 1312 1244 1234 1937 1235 1691 1658 1822 1523 1353 1374 1048 1026 1401 1924 1737 1382 1688 1053 1697 1196 1237 1925 1322 1031 1578 1653 1338 1456 1894 1707 1615 1612 1705 1928 1955 1791 1979 1252 1162 1977 1689 1368 1308 1766 1203 1834 1561 1121 1111 1668 1173 1259 BCNSPRNW ULIB Ver.6.0+V

เปลี่ยนเป็นภาษาไทย

Change to English
 แสดงรายละเอียดบรรณานุกรม
  กลับหน้าหลัก

Brief Record : Get Marc (ISO 2709) : E-mail record : QR code < ปิดหน้าต่าง
LEADER : 00000nam 2200000uu 4500
001    13399113631
003     ULIB
008    111124s2552||||th 000 0 tha d
020    ^a9786115000293
090    ^aนว.^bอ495ป 2552
100 0  ^aอลินน์
245 00 ^aประทีปแสงดาว/^cอลินน์
250    ^aพิมพ์ครั้งที่ 1
260    ^aกรุงเทพฯ :^bพิมพ์คำ,^c2552
300    ^a402 หน้า
710 1  ^aพิมพ์คำ
945    ^p240^l0^i16415
995    ^aกัณชพร
999    ^aใช้งานได้ทุกระบบ
รายการนี้ยังไม่มีแท็ก
คุณยังไม่ได้ล็อกอิน คุณสามารถมีกิจกรรมร่วมกับเว็บไซต์ได้ แต่ต้องล็อกอินก่อน ::
  ล็อกอิน

รายการสื่อสารสนเทศ

ลำดับที่ ประเภท เลขเรียก/บาร์โค้ด สถานที่ สถานะ
1. นวนิยาย
นวนิยาย
นว. อ495ป 2552 ฉ.1 
  Barcode: 16415
ห้องสมุดวิทยาเขตสวรรค์ประชารักษ์
►นวนิยาย
บนชั้น
  ขอยืม

รายการใกล้เคียง
    ผู้แต่ง [อลินน์]

BibComment


ยังไม่เคยถูกคอมเมนท์

คอมเมนท์ทรัพยากรรายการนี้
  คอมเมนท์: ประทีปแสงดาว อลิ..


 Copyright 2026. Bcnsprnw @Library